Využitie systémov umelej inteligencie v oblasti procesov nakladania s odpadom v územnej samospráve
Zameranie sa na prostredie územnej samosprávy, ktoré dlhodobo zápasí s rastúcimi nákladmi na riadenie odpadového hospodárstva a zodpovedné nakladanie s komunálnym odpadom. Príkladom v uvedených súvislostiach môže byť Španielsko, ktoré pred niekoľkými rokmi zmenilo právnu úpravu nakladania s odpadmi...
Guardado en:
| Autor principal: | |
|---|---|
| Formato: | Capítulo de libro |
| Lenguaje: | eslovaco |
| Materias: | |
| Etiquetas: |
Sin Etiquetas, Sea el primero en etiquetar este registro!
|
MARC
| LEADER | 00000naa a2200000 4500 | ||
|---|---|---|---|
| 001 | 0312949 | ||
| 005 | 20251028092123.4 | ||
| 041 | 0 | |a slo | |
| 044 | |a SK | ||
| 245 | 1 | 0 | |a Využitie systémov umelej inteligencie v oblasti procesov nakladania s odpadom v územnej samospráve |c Michal Maslen |
| 520 | |a Zameranie sa na prostredie územnej samosprávy, ktoré dlhodobo zápasí s rastúcimi nákladmi na riadenie odpadového hospodárstva a zodpovedné nakladanie s komunálnym odpadom. Príkladom v uvedených súvislostiach môže byť Španielsko, ktoré pred niekoľkými rokmi zmenilo právnu úpravu nakladania s odpadmi a do legislatívy zakotvilo požiadavku zavádzania digitálnych technológií, resp. systémov umelej inteligencie. Potenciálne výhody využívania systémov umelej inteligencie v oblasti odpadového hospodárstva v komunálnom priestore a praxi Valencie. | ||
| 610 | 2 | 0 | |a inteligencia umelá |
| 610 | 2 | 0 | |a prax odborná |
| 610 | 2 | 0 | |a odpad |
| 610 | 2 | 0 | |a samospráva |
| 610 | 2 | 0 | |a Španielsko |
| 610 | 2 | 0 | |a hospodárstvo odpadové |
| 610 | 2 | 0 | |a technológie nové |
| 610 | 2 | 0 | |a digitalizácia |
| 100 | 1 | |a Maslen, Michal | |